000 01275nam2a2200301 4500
001 rc\2929369
005 20260315055056.0
035 _a(NLR Aleph) 007078965
090 _a13596827
_c13596827
100 _a20110818d1933 u y0rusy50 ca
101 0 _arus
102 _aRU
105 _ay z |||||
200 1 _aПочему колдоговор - основа всей профработы на предприятии ... [и др. статьи по вопросам профсоюзной жизни]
_fРед. Г. Дроб
210 _d1933
215 _aОбл., 40 с.
327 0 _aАвторы статей: Г. Дроб, Д. Мишустин, Мильнер, Нефедьев
461 0 _1001rc\2929358
_12001#$aВ помощь профгруппоргу$v№ 3
_96457052
_cХарьков
_d1934
_nДВОУ
_tВ помощь профгруппоргу
_v№ 3
464 0 _1700#1$aДроб$bГ.$4070
_aДроб, Г.
464 0 _1700#1$aМишустин$bД.$4070
_aМишустин, Д.
464 0 _1700#1$aМильнер$4070
_aМильнер
464 0 _1700#1$aНефедьев$4070
_aНефедьев
702 1 _aДроб
_bГ.
_4340
801 0 _aRU
_bNLR
_gpsbo
801 1 _aRU
_bELAR
_2rusmarc
852 _aNLR
_j34-15/5(3)
942 _cUNSPEC
980 _aNB